000 00301nam a2200133Ia 4500
999 _c6704
_d6704
003 OSt
008 191201s2017 xx 000 0 und d
100 _aGORDON, Geoffrey
245 0 _aSystem Simulation
260 _aN. delhi
_bPearson
_c2017
300 _a324
650 _aB.Tech(CSE)
942 _2ddc
_cBK